000 00313nam a22001337a 4500
008 190304b xxu||||| |||| 00| 0 eng d
020 _a9780582016422
041 _aeng
080 _a616.073
100 _a6
101 _aGEN
245 _aIntroduction to Quantitative Genetics
_cFalconer, D,S
942 _2udc
_cBK
999 _c54437
_d54437